Kaizoku sentai gokaiger II Quiz Stats

 Plays Quiz not verified by Sporcle

Challenge
Share
Tweet
Embed
Score 0/15 Timer 12:00
0 Plays Today
% Correct
Captain Marvelous
94.9%
Joe Gibken
93.6%
Joe Gibken
93.6%
Luka Millfy
92.9%
Ahim de famille
91%
Gai Ikari
87.8%
Don Dogoier
80.1%
Basco
50.6%
% Correct
Bird
14.7%
Gokai Galleon
14.1%
Space Pirates
13.5%
Lets make this showy
12.2%
Jealoushitto
10.3%
the greatest treasure in the world
9.6%
Uses his horn
8.3%

You're not logged in!

Compare scores with friends on all Sporcle quizzes.
Join for Free
OR
Log In

You Might Also Like...

Show Comments

Extras

Created May 26, 2012ReportNominate
Tags:sentai

Top Quizzes Today


Score Distribution

Your Account Isn't Verified!

In order to create a playlist on Sporcle, you need to verify the email address you used during registration. Go to your Sporcle Settings to finish the process.

Report this User

Report this user for behavior that violates our Community Guidelines.

Details: